| 000 | 00712nam a2200217 i 4500 | ||
|---|---|---|---|
| 001 | 108764 | ||
| 003 | ES-MaACL | ||
| 005 | 20250719033808.0 | ||
| 007 | t| | ||
| 008 | 061121s1979 sp r ||||1| spa d | ||
| 080 | _a396(729.5) | ||
| 100 | 1 |
_aMontalvo, Marilyn. _982351 |
|
| 245 | 1 | 0 |
_aReivindicaciones de la mujer puertorriqueña / _cMarilyn Montalvo. |
| 260 |
_aBarcelona : _bInstitut Catòlic d'Estudis Socials, _c1979. |
||
| 300 |
_a10 h. ; _c23 cm. |
||
| 595 | _aTirada aparte de: Perspectiva social, n. 13, p. 94-111 | ||
| 650 | 7 |
_aMujeres- _zPuerto Rico _2 _9174349 |
|
| 710 | 2 |
_aInstitut Catòlic d'Estudis Socials de Barcelona. _94738 |
|
| 852 | 4 |
_aES-MaACL _j2112-F-10 |
|
| 999 |
_c108764 _d108764 |
||